00445nam a2200121 a 4500008004100000050001900041100002400060245009200084260007900176350000900255650004800264650001100312071212s2006 ||||||||||||||||| || u aTHESIS/STUDENT aChiposa, Emmanuel K10aMining without compressed air at Mindola MinecThesis Supervised by Mr. S. P. Chinyanta aKitwebCopperbelt University, School of Technology,Mining Departmentc2006 a0.00 aMINING WITHOUT COMPRESSED AIR--MINDOLA MINE aMINING